| 000 | 01016cab a2200277 4500 | ||
|---|---|---|---|
| 001 | ABS51544 | ||
| 008 | 090401t1994 xxu||||| |||| 00| 0 eng d | ||
| 035 | _a(Sirsi) u32713 | ||
| 041 | _aeng | ||
| 100 | _aFalk, N. | ||
| 245 | _aAssessing the vitality and viability of town centres | ||
| 260 | _c1994 | ||
| 350 | _a0 | ||
| 490 |
_aProperty Review _v4(50 October 1994, 156-157(2) |
||
| 520 | _aConscious of an increased interest in the economic health of town centres and a need to be able to compare analyses of performance, the DoE and the London Planning Advisory Committee have both commissioned research into assessment methods. This article introduces the reports and presents their conclusions. | ||
| 650 | _aAMENITY | ||
| 650 | _aATTRACTION | ||
| 650 | _aFLOOR SPACE | ||
| 650 | _aPLANNING POLICY GUIDANCE NOTE SIX | ||
| 650 | _aSHOPS | ||
| 650 | _aTOWN CENTRES | ||
| 650 | _aVACANCY RATES | ||
| 690 | _aPROPERTY-COMMERCIAL PROPERTY-RETAIL PROPERTY | ||
| 942 | _n0 | ||
| 948 | _c04/03/1997 | ||
| 999 |
_c21871 _d21871 |
||